| 000 | 00878nam a2200265 a 4500 | ||
|---|---|---|---|
| 001 | 41217 | ||
| 003 | BD-RjUL | ||
| 005 | 20211209053341.0 | ||
| 008 | 160517s1981 ii ||||| |||| 001 0 eng d | ||
| 020 | _c: IRs. 65.00 | ||
| 035 | _a(BD-RjUL) 41333 | ||
| 040 |
_aBD-RjUL _beng _cBD-RjUL |
||
| 041 | _aeng | ||
| 082 |
_223 _a954.14035 _bDAF 1981 |
||
| 100 | 1 |
_aDaly, F. C. _9126800 |
|
| 245 | 1 | 0 |
_aFirst rebels : _bstrictly confidential note on the growth of the revolutionary movement in Bengal / _cF C Daly ; Sankar Ghose |
| 260 |
_aCalcutta : _bRiddhi-India, _c1981 |
||
| 300 |
_axxxii, 320 p. ; _c22 cm |
||
| 500 | _aIncludes index | ||
| 650 |
_aRevolutionaries _zIndia -- Bengal _9126801 |
||
| 650 |
_aNationalism _yHistory _zIndia -- Bengal _9126802 |
||
| 651 |
_aBengal (India) _xPolitics and government _9119128 |
||
| 700 |
_aGhose, Sankar _9126803 |
||
| 942 |
_2ddc _cBK |
||
| 999 |
_c41217 _d41217 |
||